| 000 | 00826cab a22002055a 4500 | ||
|---|---|---|---|
| 001 | L147745 | ||
| 008 | 090612s2009 xxk f 000 0 eng d | ||
| 035 | _a(Sirsi) u147745 | ||
| 041 | 0 | _aeng | |
| 100 | 1 | _aKolinsky, Daniel | |
| 245 | 0 | 0 |
_aRaissi _bthe interpretation of planning policy |
| 260 | _c2009 | ||
| 490 |
_aJPL _v5 2009, 554-569(16) |
||
| 520 | _aExplores the interpretation of planning policy and whether a new approach is likely to emerge following a decision of the Court of Appeal in the Raissi v Secretary of State for the Home Department [2008] 3 WLR 375 CA (Civ Div). | ||
| 590 | _aKA | ||
| 650 | 2 | 4 | _aR. (ON THE APPLICATION OF RAISSI) v SECRETARY OF STATE FOR THE HOME DEPARTMENT |
| 651 | 4 |
_aUnited Kingdom _y |
|
| 690 | _aBUILT ENVIRONMENT-CONSTRUCTION MANAGEMENT-CONSTRUCTION PLANNING | ||
| 942 | _n0 | ||
| 999 |
_c81627 _d81627 |
||